| 000 | 01078na a2200253 4500 | ||
|---|---|---|---|
| 001 | 17564 | ||
| 003 | MIRAKIL | ||
| 005 | 20181213154753.0 | ||
| 008 | 161029b tu 000 0 | ||
| 035 | _a17564 | ||
| 040 |
_aMilas _btur _cTR-AnCHP |
||
| 041 | _atur | ||
| 082 |
_a344.012596 _bİ7i 2002 |
||
| 090 | _a344.012596 İ7i 2002 | ||
| 111 |
_aİş Hukukuna ve Sosyal Güvenlik Hukukuna İlişkin Sorular ve Çözüm Önerileri _cİstanbul _d2001 _kİşçinin Feshe Karşı Korunması |
||
| 245 |
_aİktisadi, sosyal ve uluslararası hukuki boyutu ile işçinin feshe karşı korunması _cDüzenleyenler Galatasaray Üniversitesi Hukuk Fakültesi, İstanbul Barosu Çalışma Hukuku Komisyonu |
||
| 260 |
_aİstanbul _bİstanbul Barosu Yayınları _c2002 |
||
| 300 |
_a360 s. _c24 sm. |
||
| 650 |
_aİşçi güvenliği _xHukuk ve mevzuat _yToplantılar _zTürkiye |
||
| 650 |
_aİş hukuku _xİşçi güvenliği _yToplantılar _zTürkiye |
||
| 710 | _aİstanbul Barosu Çalışma Hukuku Komisyonu | ||
| 710 | _aGalatasaray Üniversitesi Hukuk Fakültesi | ||
| 942 |
_2ddc _cBKS |
||
| 999 |
_c542 _d542 |
||